000 02399nam a2200565 i 4500
001 1012
003 KOSZ 005
005 20200420074700.0
008 070328s1973 pl |000 0 pol
015 _aUWD 1973/3849
035 _a991033615619705066
035 _a(PL-WaBN)b18998744-48omnis_nlop
035 _ab18998744
035 _a(OCoLC)297792868
035 _a(PL)b0000001899874
035 _a(EXLNZ-48OMNIS_NETWORK)9910279036005606
040 _aWA N
_cWA N
_dKOSZ 005/AR
041 1 _apol
_hrus
044 _apl
080 _a004.42
080 _a004.438
080 _a(075.8)
100 1 _aLavrov, Svâtoslav Sergeevič
_d(1923- )
_eAutor
240 _aUniversal'nyj âzyk programmirovaniâ
_l(pol.)
245 1 0 _aALGOL 60 :
_bwykład popularny z ćwiczeniami /
_cS. S. Ławrow ; tłumaczenie Wacław Pankiewicz.
246 1 _iTytuł oryginalu :
_aUniversal'nyj âzyk programmirovaniâ ALGOL 60
250 _aWydanie 3, poprawione
260 _aWarszawa :
_bWydawnictwa Naukowo-Techniczne,
_c1973.
300 _a215 stron ;
_c23 cm.
336 _aTekst
_btxt
_2rdacontent
337 _aBez urządzenia pośredniczącego
_bn
_2rdamedia
338 _aWolumin
_bnc
_2rdacarrier
380 _aKsiążki
388 _a1901-2000
388 _a1945-1989
490 1 _aInformatyka. Przetwarzanie Informacji i Maszyny Matematyczne
501 _aZawiera także: Pankiewicz, Wacław : Informacja o konkretnych reprezentacjach języka ALGOL 60
504 _aBibliografia na stronie 212. Indeks.
521 _aKsiążka jest przeznaczona dla inżynierów - użytkowników maszyn cyfrowych oraz tych wszystkich, którzy interesują się rozwiązywaniem różnorodnych problemów za pomocą maszyn cyfrowych.
650 7 _aALGOL (język programowania)
_2DBN
655 _aPodręczniki akademickie
658 _aInformatyka i technologie informacyjne
700 1 _aPankiewicz, Wacław
_eTłumaczenie
700 1 2 _aPankiewicz, Wacław
_tInformacja o konkretnych reprezentacjach języka ALGOL 60
710 2 _aWydawnictwa Naukowo-Techniczne
_4pbl
830 0 _aInformatyka - Wydawnictwa Naukowo-Techniczne
_pPrzetwarzanie Informacji i Maszyny Matematyczne
856 _uhttp://koha.tu.koszalin.pl/cgi-bin/koha/opac-detail.pl?biblionumber=1012
_yKatalog online BPK
942 _2UKD
_cKS
999 _c1012
_d1012